01139 2200181 4500245005900000020002200059250001200081100002900093700002900122650002000151005001900171260003800190041001400228084001100242300002500253500067000278336000900948 aKetika Cinta BertasbihcHabiburrahman El ShirazyhText a978-979-3210-84-1 aCet. 10 aHabiburrahman El Shirazy aAnis Sirsaeba El Shirazy aNovel Indonesia a20230929111958 aJakartabPenerbit Republikac2008 aIndonesia a808.83 a483 hlm. :c20.5 cm. aAbdullah khairul azzam yang akrab di panggil Azzam adalah seorang pemuda sederhana yang memilih untuk menuntut ilmunya di Kampus Al-Azhar, Kairo. Azzam sosok lelaki yang dikenal tegas dan dewasa. Dia sangat memegang teguh prinsip-prinsip Islam dalam kehidupan sehari-harinya. Di kalangan teman-temannya Azzam menjadi panutan dan sosok yang bisa diandalkan. Setelah bapaknya meninggal, dia sebagai anak tertua dalam keluarganya, menanggung kehidupan keluarganya di Solo. Oleh karena itu, selain sebagai mahasiswa, dia juga bekerja keras sebagai pembuat tempe dan bakso untuk menghidupi ibu dan adik-adik perempuannya di Indonesia serta kehidupannya sendiri di Cairo. atext